LEADER 00990cam0 2200277 450 001 E600200031984 005 20231127082520.0 100 $a20071130d2006 |||||ita|0103 ba 101 $aita 102 $aIT 200 1 $a<>ricerca giuridica in internet$emanuale operativo per la ricerca di sentenze, atti normativi e dottrina$fMichele Iaselli 210 $aMatelica (MC)$cHalley Editrice$d2006 215 $a246 p., fig.$d21 cm 225 2 $aControversie & Soluzioni 300 $a(rp) 410 1$1001LAEC00024243$12001 $a*Controversie & Soluzioni 700 1$aIaselli$b, Michele$3A600200045079$4070$0267814 801 0$aIT$bUNISOB$c20231127$gRICA 850 $aUNISOB 852 $aUNISOB$j340$m136690 912 $aE600200031984 940 $aM 102 Monografia moderna SBN 941 $aM 957 $a340$b006235$gSI$d136690$racquisto$1pomicino$2UNISOB$3UNISOB$420071130090525.0$520231127082520.0$6Spinosa 996 $aRicerca giuridica in internet$91687697 997 $aUNISOB LEADER 01192nam0 22003131i 450 001 UON00490025 005 20231205105328.26 010 $a978-70-200-5861-7 100 $a20180801d1962 |0itac50 ba 101 $achi 102 $aCN 105 $a|||| 1|||| 200 1 $aQiu$fBa jin zhu 210 $aBeijing$cRenmin wenxue chubanshe$d1962 215 $a562 p.$d21cm 606 $aLetteratura Cinese$xNarrativa$xSec. XX$3UONC000084$2FI 620 $aCN$dBeijing$3UONL000457 686 $aCIN VI BA$cCina - Letteratura moderna e contemporanea - Testi$2A 700 0$aBA Jin$3UONV002453$0280287 712 $aRenmin Wenxue Chubanshe$3UONV246345$4650 790 0$aPA Chin$zBA Jin$3UONV005591 790 0$aPA Kin$zBA Jin$3UONV012453 801 $aIT$bSOL$c20250620$gRICA 899 $aSIBA - SISTEMA BIBLIOTECARIO DI ATENEO$2UONSI 912 $aUON00490025 950 $aSIBA - SISTEMA BIBLIOTECARIO DI ATENEO$dSI CIN VI BA 1201 N $eSI 26399 7 1201 N 966 $aLETTERATURA PUNJABI - POESIA E TEATRO$yLetteratura Cinese - Narrativa - Sec. XX$3UONC006913 996 $aQiu$91245060 997 $aUNIOR